Statistics for Latin Phrases 2

Click here to take the quiz!

General Stats

  • This quiz has been taken 1,320 times
    (1,317 since last reset)
  • The average score is 5 of 22

Answer Stats

HintAnswer% Correct
And other thingsEt cetera
85%
God from a machineDeus ex machina
66%
Method of operationModus operandi
47%
After the textPost Scriptum
45%
Blank slateTabula rasa
32%
Out of many, oneEt pluribus unum
28%
In glassIn vitro
26%
To have the bodyHabeas Corpus
26%
That continues foreverAd Aeternum
24%
Rest in peaceRequiescat in pace
17%
To err is humanErrare humanum est
16%
Reduce to the absurdReductio ad absurdum
14%
Those who are about to die salute youMorituri te salutant
13%
Let there be lightFiat Lux
13%
A sound mind in a sound bodyMens sana in corpore sano
12%
Without wich there's notSine qua non
11%
Which had to be shownQuod erat demonstrandum
11%
For the sake of honorHonoris causa
5%
Know thyselfTemet Nosce
5%
By teaching we learnDocendo discimus
3%
Formerly. Preceding an event.a priori
3%
Sorrow itselfLorem ipsum
2%

Score Distribution

Percentile by Number Answered

Percent of People with Each Score

Your Score History

You have not taken this quiz since the last reset